000 00504nam a22002057a 4500
003 koha_MIRAKIL
005 20231213100205.0
008 231213b |||||||| |||| 00| 0 ||| d
020 _b978-9-75220189-7
040 _aTR-IsEVY
_btur
_cTR-IsEVY
082 _a811.42 KÜL/B
100 _aKülebi, Cahit, 1917-1997.
245 0 _aBütün şiirleri
250 _a4. bs.
260 _bBilgi ,
_c2010
300 _a339 s.
650 _aTürk şiiri.
650 _aTurkish poetry.
942 _2ddc
_cBK
999 _c15967
_d15967